000 00557nam a2200217Ia 4500
003 OSt
005 20230615115053.0
008 210423s2003 xx 000 0 und d
020 _a1403948763
040 _cAL
041 _aeng
082 _a574.192 NELD
100 _aNELSON (David L);COX (Michael).
_995399
245 _aLehninger principles of biochemistry.
260 _aNew York
_bW H Freeman & Co.
_c2003
300 _axxix,815,I 31
_bHB
365 _b142
_cINR
650 _aBiochemistry
_995400
906 _aBiochemistry
942 _2ddc
_cBK
999 _c162871
_d162871